000 00244nam a2200109 a 4500
008 101022s1987|||| d
245 1 0 _aLen nech sme zdravĂ­
260 _bOsveta
_aMartin
_c1987
020 _c13
041 _aslo
044 _axo
_cSK
999 _c12027
_d12027